000 01793nam2a22003851 4500
001 RU\NLR\INFOCOMM\1000028197
005 20250806205235.0
035 _a(NLR Aleph) 002483658
090 _a65687
_c65687
100 _a20040115d1941 u y0rusy50 ca
101 0 _arus
102 _aRU
105 _ay |||||||||
135 _acrcn 024anaba
200 1 _aСезонное размещение и миграция уток (подсем. Anatinae) по данным кольцевания в СССР
_h4
_fВучетич В.Н.
210 _d1941
325 1 _aКопия доступна в электронной библиотеке РНБ
461 0 _1001RU\NLR\INFOCOMM\1000028193
_12001#$aТруды Бюро кольцевания$fУпр. по заповедникам и охотничьему хоз. Глав. упр. лесного хоз. и полезащитного лесоразведения М-ва с.-х. СССР$v[Вып.4]
700 1 _aВучетич
_bВ.Н.
_4070
801 1 _aRU
_bInfoComm
_c20040115
801 0 _aRU
_bNLR
_gPSBO
852 _aNLR
_jП7/361
856 0 _uhttps://vivaldi.nlr.ru/pm000006670/view
856 1 _uhttps://vivaldi.nlr.ru/pm000006670/cover
856 2 _uhttps://vivaldi.nlr.ru/pm000006670/text
901 _eЖурналы
942 _cISSUE
945 _aРоссийская национальная библиотека
980 _aNB
980 _aBV
980 _aRUSPER
981 4 4 _a(44) Оцифровано по рекомендациям читателей
981 2 7 _a(27) Периодические издания
_b(27) Журналы